MARC details
| 000 -LEADER |
| fixed length control field |
01813cam a2200517Ii 4500 |
| 001 - CONTROL NUMBER |
| control field |
sjds1098988 |
| 003 - CONTROL NUMBER IDENTIFIER |
| control field |
sjds |
| 005 - DATE AND TIME OF LATEST TRANSACTION |
| control field |
20170518150157.0 |
| 008 - FIXED-LENGTH DATA ELEMENTS--GENERAL INFORMATION |
| fixed length control field |
160423t20162003flua b 000 1 spa d |
| 020 ## - INTERNATIONAL STANDARD BOOK NUMBER |
| International Standard Book Number |
9781631131530 (paperback) |
| 020 ## - INTERNATIONAL STANDARD BOOK NUMBER |
| International Standard Book Number |
1631131532 (paperback) |
| 035 ## - SYSTEM CONTROL NUMBER |
| System control number |
896569 |
| 035 ## - SYSTEM CONTROL NUMBER |
| System control number |
(OCoLC)947817223 |
| 035 ## - SYSTEM CONTROL NUMBER |
| System control number |
892756 |
| 035 ## - SYSTEM CONTROL NUMBER |
| System control number |
(OCoLC)ocn947817223 |
| 035 ## - SYSTEM CONTROL NUMBER |
| System control number |
892756 |
| 035 ## - SYSTEM CONTROL NUMBER |
| System control number |
896569 |
| 040 ## - CATALOGING SOURCE |
| Original cataloging agency |
BTCTA |
| Language of cataloging |
eng |
| Transcribing agency |
BTCTA |
| Modifying agency |
BDX |
| -- |
LPU |
| -- |
OCLCF |
| -- |
IFA |
| 041 ## - LANGUAGE CODE |
| Language code of text/sound track or separate title |
spa |
| 049 ## - LOCAL HOLDINGS (OCLC) |
| Holding library |
IFAA |
| 099 ## - LOCAL FREE-TEXT CALL NUMBER (OCLC) |
| Filing suffix |
2016 |
| 999 ## - SYSTEM CONTROL NUMBERS (KOHA) |
| Koha Dewey Subclass [OBSOLETE] |
ESPANOL PICTURE BOOKS LAZARO LEON 2016 |
| 100 1# - MAIN ENTRY--PERSONAL NAME |
| Personal name |
Lázaro León, Georgina, |
| Relator term |
author. |
| 245 13 - TITLE STATEMENT |
| Title |
El mejor es mi papá / |
| Statement of responsibility, etc. |
Georgina Lázaro León ; ilustraciones de Marcela Calderón. |
| 260 ## - PUBLICATION, DISTRIBUTION, ETC. (IMPRINT) |
| Place of publication, distribution, etc. |
Doral, FL. : |
| Name of publisher, distributor, etc. |
Loqueleo, Santilla USA Publishing, |
| Date of publication, distribution, etc. |
2016. |
| 264 #1 - PRODUCTION, PUBLICATION, DISTRIBUTION, MANUFACTURE, AND COPYRIGHT NOTICE |
| Place of production, publication, distribution, manufacture |
Doral, FL. : |
| Name of producer, publisher, distributor, manufacturer |
Loqueleo, Santilla USA Publishing, |
| Date of production, publication, distribution, manufacture, or copyright notice |
2016. |
| 264 #4 - PRODUCTION, PUBLICATION, DISTRIBUTION, MANUFACTURE, AND COPYRIGHT NOTICE |
| Date of production, publication, distribution, manufacture, or copyright notice |
�2003 |
| 300 ## - PHYSICAL DESCRIPTION |
| Extent |
31 pages : |
| Other physical details |
color illustrations ; |
| Dimensions |
25 cm |
| 336 ## - CONTENT TYPE |
| Content type term |
text |
| Content type code |
txt |
| Source |
rdacontent |
| 337 ## - MEDIA TYPE |
| Media type term |
unmediated |
| Media type code |
n |
| Source |
rdamedia |
| 338 ## - CARRIER TYPE |
| Carrier type term |
volume |
| Carrier type code |
nc |
| Source |
rdacarrier |
| 520 ## - SUMMARY, ETC. |
| Summary, etc. |
Un grupo de beb?s animales se reúnen para decidir cual de ellos tiene el mejor papá del mundo. |
| 520 ## - SUMMARY, ETC. |
| Summary, etc. |
A group of baby animals meet to decide which of them has the best dad in the world. |
| 546 ## - LANGUAGE NOTE |
| Language note |
Text in Spanish. |
| 650 #0 - SUBJECT ADDED ENTRY--TOPICAL TERM |
| Topical term or geographic name as entry element |
Fathers |
| Form subdivision |
Juvenile fiction. |
| 650 #0 - SUBJECT ADDED ENTRY--TOPICAL TERM |
| Topical term or geographic name as entry element |
Animals |
| Form subdivision |
Juvenile fiction. |
| 650 #0 - SUBJECT ADDED ENTRY--TOPICAL TERM |
| Topical term or geographic name as entry element |
Animals |
| General subdivision |
Infancy |
| Form subdivision |
Juvenile fiction. |
| 650 #0 - SUBJECT ADDED ENTRY--TOPICAL TERM |
| Topical term or geographic name as entry element |
Father and child |
| Form subdivision |
Juvenile fiction. |
| 650 #7 - SUBJECT ADDED ENTRY--TOPICAL TERM |
| Topical term or geographic name as entry element |
Padres |
| Form subdivision |
Novela juvenil. |
| Source of heading or term |
bidex |
| 650 #7 - SUBJECT ADDED ENTRY--TOPICAL TERM |
| Topical term or geographic name as entry element |
Animales |
| Form subdivision |
Novela juvenil. |
| Source of heading or term |
bidex |
| 650 #7 - SUBJECT ADDED ENTRY--TOPICAL TERM |
| Topical term or geographic name as entry element |
Animales |
| General subdivision |
Infancia |
| Form subdivision |
Novela juvenil. |
| Source of heading or term |
bidex |
| 650 #7 - SUBJECT ADDED ENTRY--TOPICAL TERM |
| Topical term or geographic name as entry element |
Padre e hijos |
| Form subdivision |
Novela juvenil. |
| Source of heading or term |
bidex |
| 700 1# - ADDED ENTRY--PERSONAL NAME |
| Personal name |
Calderón, Marcela. |
| 902 ## - LOCAL DATA ELEMENT B, LDB (RLIN) |
| a |
MARCIVE |
| 942 ## - ADDED ENTRY ELEMENTS (KOHA) |
| Koha item type |
Libro/Book |